| 000 | 00569nam a2200193Ia 4500 | ||
|---|---|---|---|
| 005 | 20250508155002.0 | ||
| 008 | 008 250505s9999 xx 000 0 eng d | ||
| 037 | _aTextual | ||
| 040 |
_aFEDL _beng _cFEDL |
||
| 041 |
_aeng _2eng |
||
| 084 |
_a509, KUH _qFEDL |
||
| 100 | _aKuhn Thomas S | ||
| 245 | 0 | _aStructure of scientific revolutions | |
| 260 |
_aChicago, USA _bThe University of Chicago Press _c1962 |
||
| 300 | _axv,172p. | ||
| 490 | _aInternational encyclopedia of unified science | ||
| 942 |
_cTEXL _h509, KUH |
||
| 999 |
_c1353283 _d1353283 |
||